000 01337nam a2200337 i 4500
001 000014922
003 DO-SdBNP
005 20260406092925.0
007 ta
008 100127s1999 dr ac 001 0 spa d
040 _aDO-SdBNP
_bspa
_cBNPHU
_erda
041 _aspa
082 4 _a324.97293
_bG934b
_222
100 _aGuerrero, Miguel,
_d1945-
_eautor
_4aut.
_914303
245 1 0 _aAl borde del caos :
_b(historia oculta de la crisis electoral de 1978) /
_cMiguel Guerrero ; prólogo, Anibal De Castro ; cuidado de edición, Tomás Castro Burdiez
264 4 _aSanto Domingo, República Dominicana :
_bEditora Corripio,
_c©1999.
300 _a417 páginas :
_bilustraciones, retratos;
_c24 cm.
336 _atexto
_btxt
_2rdacontent
337 _asin mediación
_bn
_2rdamedia
338 _avolumen
_bnc
_2rdacarrier
500 _aIncluye índice de nombres
590 _aInventariado, 2018/BT
600 1 0 _a Balaguer, Joaquín,
_d1906-2002
_976556
650 4 _aElecciones
_zRepública Dominicana
_xHistoria
_92522
650 4 _aElecciones
_xPrácticas corruptas
_988852
650 4 _aPartidos políticos
_zRepública Dominicana
_xHistoria
_93367
700 1 _aDe Castro, Anibal,
_eprologuista
_4pr.
_98531
700 1 _aCastro Burdiez, Tomás,
_eeditor
_4ed.
_985152
910 _aValidado. Control de calidad. MMOLINA
942 _2ddc
_cLBS1
999 _c14502
_d14502